000 00935cam a2200289 a 4500
999 _c8810
_d8810
001 620870
003 GZU
005 20210526091710.0
008 920310s1991 sa b 001 0 eng
010 _a 92128298
020 _a070212639X
040 _aDLC
_cDLC
043 _af-sa---
050 0 0 _aKTL3800
_b.B87 1991
082 0 0 _a345.68
_a346.805
_220
100 1 _aBurchell, Jonathan M.
245 1 0 _aPrinciples of criminal law /
_cby Jonathan Burchell and John Milton.
250 _a1st ed.
260 _aCape Town :
_bJuta,
_c1991.
300 _axlvii, 669 p. ;
_c25 cm.
504 _aIncludes bibliographical references (p. xi-xv) and index.
650 0 _aCriminal law
_zSouth Africa.
700 1 _aMilton, John,
_d1939-
906 _a7
_bcbc
_corignew
_d2
_encip
_f19
_gy-gencatlg
942 _2lcc
_cBK
_e1st
_h3800
_iBUR
_kKTL
_m1991